00420nam a2200121Ia 4500008004100000245007100041245002200112260000900134650001200143856005100155999001900206952007300225171211s9999 xx 000 0 und d aGrimm Language: Grammar, Gender and Genuineness in the Fairy Tales cOrrin W. Robinson c2010 xCULTURE uhttp://down.ebook777.com/061/9789027233448.pdf c347874d347874 001040aCLbCLd2017-12-11l0r2017-12-11 00:00:00w2017-12-11yCBE